000 00455nam a2200145Ia 4500
008 240126s9999 xx 000 0 und d
041 _aEnglish
082 _aPRLIB07-1843
100 _aSameera Khundmiri.
245 0 _aCreating awareness of E-resources in presidency college library, Bangalore, Karnataka
260 _bAnnamalai University
440 _aNULL
650 _aCreating,E-resources,presidency,library,,Bangalore,,Karnataka
942 _cPR
999 _c281571
_d281571